=LDR 00000nam 2200000 4500 =001 INLIS000000000050852 =005 20170802014726 =035 ##$$a 0010-0817000035 =007 ta =008 170802###########################0###### =020 ##$$a 978-602-1588-1 =082 ##$$a 899.221 3 =084 ##$$a 899.221 3 AST n =100 #$$a Aster Putih =245 1#$$a Nak, Panggil aku Ayah /$c Aster Putih =260 ##$$a Jakarta :$b Rumah Oranye,$c 2013 =300 ##$$a vii, 210 hlm : $b ilus. ; $c 19 cm =650 ##$$a Fiksi Indonesia =700 #$$a Latif =990 ##$$a 89308930 =990 ##$$a 31701608